000 00413nam a22001697a 4500
003 MPLRDC
005 20220104144524.0
008 210129b ||||| |||| 00| 0 eng d
082 _a193 ZGF-2
100 _a曾国藩原著
245 _a曾国藩最有影响的家书
_c
250 _a初版
260 _a
_b中国戏剧出版社
_c2002
300 _b
650 _a家庭伦理
942 _cBK
_o193 ZGF-2
999 _c50434
_d50424